Espèces de mésanges - Statistiques

Statistiques générales
  • Ce quiz a été pris 10 fois
  • Le résultat moyen est 8 sur 71
Statistiques - réponses
# Réponse % Correct
29 Mésange bleue
100%
33 Mésange charbonnière
90%
63 Mésange noire
90%
55 Mésange huppée
70%
14 Mésange à longue queue
50%
64 Mésange nonnette
50%
30 Mésange boréale
40%
20 Mésange à tête noire
30%
27 Mésange azurée
30%
45 Mésange de Sophie
30%
54 Mésange grise
30%
28 Mésange bicolore
20%
37 Mésange de Caroline
20%
3 Mésange à col blanc
10%
10 Mésange à gorge blanche
10%
9 Mésange à gorge d'argent
10%
13 Mésange à joues jaunes
10%
19 Mésange à tête brune
10%
32 Mésange cendrée
10%
35 Mésange de Blyth
10%
39 Mésange de Chine
10%
46 Mésange de Taïwan
10%
58 Mésange lugubre
10%
70 Mésange unicolore
10%
1 Mésange à ailes blanches
0%
2 Mésange à bavette
0%
4 Mésange à dos blanc
0%
5 Mésange à dos marron
0%
6 Mésange à dos tacheté
0%
7 Mésange à épaulettes
0%
8 Mésange à front blanc
0%
11 Mésange à gorge rousse
0%
12 Mésange à joues blanches
0%
15 Mésange à nuque rousse
0%
16 Mésange à œil jaunâtre
0%
17 Mésange à plumet noir
0%
26 Mésange arlequin
0%
18 Mésange à sourcils blancs
0%
21 Mésange à tête rousse
0%
22 Mésange à ventre blanc
0%
23 Mésange à ventre cannelle
0%
24 Mésange à ventre gris
0%
25 Mésange à ventre strié
0%
31 Mésange buissonnière
0%
34 Mésange cul-roux
0%
36 Mésange de Bonvalot
0%
38 Mésange de Carp
0%
40 Mésange de David
0%
41 Mésange de Gambel
0%
42 Mésange de Hume
0%
43 Mésange de Palawan
0%
48 Mésange des bouleaux
0%
49 Mésange des genévriers
0%
44 Mésange de Sharpe
0%
47 Mésange de Weigold
0%
50 Mésange élégante
0%
51 Mésange enfumée
0%
52 Mésange galonnée
0%
53 Mésange gracieuse
0%
56 Mésange indienne
0%
57 Mésange lapone
0%
59 Mésange mitrée
0%
60 Mésange modeste
0%
61 Mésange montagnarde
0%
62 Mésange nègre
0%
65 Mésange nord-africaine
0%
66 Mésange petit-deuil
0%
67 Mésange pygmée
0%
68 Mésange somalienne
0%
69 Mésange sultane
0%
71 Mésange variée
0%
Aucun quiz correspondant
Distribution des résultats
% des personnes avec chaque résultat
Percentile par nombre de réponses
Votre historique - résultats
Vous n’avez pas pris ce quiz